|
|
|
|
| LEADER |
01009nam a2200265 i 4500 |
| 001 |
c000253894 |
| 003 |
CARM |
| 005 |
00000000000000.0 |
| 008 |
840822s1964 nyu 0 eng d |
| 019 |
1 |
|
|a 25383131
|z 4169179
|5 LACONCORD2021
|
| 035 |
|
|
|a (OCoLC)248234
|5 LACONCORD2021
|
| 082 |
0 |
4 |
|a 332.4973
|
| 100 |
1 |
|
|a Nettels, Curtis P.
|q (Curtis Putnam)
|
| 245 |
1 |
4 |
|a The money supply of the American Colonies before 1720.
|
| 260 |
|
|
|a New York :
|b A. M. Kelley,
|c 1964.
|
| 300 |
|
|
|a 300 p.
|
| 440 |
|
0 |
|a Reprints of economic classics
|
| 500 |
|
|
|a Reprint of 1934 ed.
|
| 500 |
|
|
|a Bibliography: p.284-300.
|
| 650 |
|
0 |
|a Currency question
|z United States.
|
| 651 |
|
0 |
|a United States
|x Commerce
|x History.
|
| 651 |
|
0 |
|a Great Britain
|x Colonies
|z America
|x Economic policy.
|
| 852 |
8 |
|
|b CARM
|h A1:AP02B0
|i B07211
|p 0361486
|f BK
|
| 999 |
f |
f |
|i 00e92c1d-df77-5e99-8c59-c0e27e11540b
|s 71490fc2-54dd-5488-b545-deb3dfaf5b59
|
| 952 |
f |
f |
|p Can circulate
|a CAVAL
|b CAVAL
|c CAVAL
|d CARM 1 Store
|e B07211
|f A1:AP02B0
|h Other scheme
|i book
|m 0361486
|